000 01080cam a2200337 a 4500
001 4646
003 FISKH
005 20240918151850.0
008 100507s2010 nyua b 000 1 eng
010 _a 2010012633
020 _a9780061928802 (trade bdg.)
020 _a9780061928796
020 _a9780061928796 (pbk. bdg.)
040 _aDLC
_cDLC
_dDLC
_beng
050 _aPZ7.K12774
082 _a813.6
100 1 _aKann, Victoria.
245 1 0 _aPink around the rink /
_cby Victoria Kann.
260 _aNew York :
_bHarper,
_c2010.
300 _a32 pages :
_bcolor illustrations ;
_c23 cm
490 0 _aI can read! Beginning reading 1
505 _aI
520 _aPinkalicious's new ice skates are plain white, so before she takes them out on the ice she decides to color them with her cotton candy pink magic marker.
521 _a460
_bLexile estimate
521 _aI
_bRaz-Plus
650 1 _aIce skating
_vFiction.
650 1 _aPink
_vFiction.
906 _a7
_bcbc
_corignew
_d1
_eecip
_f20
_gy-gencatlg
942 _2ddc
_cBK
_n0
999 _c4646
_d4646